NFL 1,000 Yard Rushers since 2018 - Statistics

General Stats
  • This quiz has been taken 310 times
  • The average score is 58 of 69
Answer Stats
Year Team Yards Answer % Correct
2023 TEN 1,167 Derrick Henry
100%
2022 TEN 1,538 Derrick Henry
100%
2020 TEN 2,027 Derrick Henry
100%
2019 TEN 1,540 Derrick Henry
100%
2018 TEN 1,059 Derrick Henry
100%
2023 SF 1,459 Christian McCaffrey
99%
2022 CAR/SF 1,139 Christian McCaffrey
99%
2019 CAR 1,387 Christian McCaffrey
99%
2018 CAR 1,098 Christian McCaffrey
99%
2023 BUF 1,122 James Cook
98%
2022 MIN 1,173 Dalvin Cook
96%
2021 MIN 1,159 Dalvin Cook
96%
2020 MIN 1,557 Dalvin Cook
96%
2019 MIN 1,135 Dalvin Cook
96%
2023 LAR 1,144 Kyren Williams
96%
2022 CLE 1,525 Nick Chubb
96%
2021 CLE 1,259 Nick Chubb
96%
2020 CLE 1,067 Nick Chubb
96%
2019 CLE 1,494 Nick Chubb
96%
2022 NYG 1,312 Saquon Barkley
96%
2019 NYG 1,003 Saquon Barkley
96%
2018 NYG 1,307 Saquon Barkley
96%
2022 DET 1,066 Jamaal Williams
95%
2023 ARI 1,040 James Conner
95%
2023 CIN 1,034 Joe Mixon
95%
2021 CIN 1,205 Joe Mixon
95%
2019 CIN 1,137 Joe Mixon
95%
2018 CIN 1,168 Joe Mixon
95%
2022 LV 1,653 Josh Jacobs
95%
2020 LV 1,065 Josh Jacobs
95%
2019 OAK 1,150 Josh Jacobs
95%
2021 DAL 1,002 Ezekiel Elliot
93%
2019 DAL 1,357 Ezekiel Elliot
93%
2018 DAL 1,434 Ezekiel Elliot
93%
2021 IND 1,811 Jonathan Taylor
92%
2020 IND 1,169 Jonathan Taylor
92%
2023 DET 1,015 David Montgomery
91%
2020 CHI 1,070 David Montgomery
91%
2023 PIT 1,035 Najee Harris
91%
2022 PIT 1,034 Najee Harris
91%
2021 PIT 1,200 Najee Harris
91%
2023 PHI 1,049 D'Andre Swift
89%
2022 GB 1,121 Aaron Jones
88%
2020 GB 1,104 Aaron Jones
88%
2019 GB 1,084 Aaron Jones
88%
2023 MIA 1,012 Raheem Mostert
86%
2023 DAL 1,005 Tony Pollard
86%
2022 DAL 1,007 Tony Pollard
86%
2023 JAX 1,008 Travis Etienne Jr.
86%
2022 JAX 1,125 Travis Etienne Jr.
86%
2020 JAX 1,070 James Robinson
81%
2022 SEA 1,050 Kenneth Walker III
80%
2018 LAR 1,251 Todd Gurley II
76%
2020 BAL 1,005 Lamar Jackson
75%
2019 BAL 1,206 Lamar Jackson
75%
2022 NE 1,040 Rhamondre Stevenson
73%
2022 PHI 1,269 Miles Sanders
70%
2019 SEA 1,230 Chris Carson
64%
2018 SEA 1,151 Chris Carson
64%
2019 DEN 1,011 Phillip Lindsay
52%
2018 DEN 1,037 Phillip Lindsay
52%
2019 JAX 1,152 Leonard Fournette
49%
2022 CHI 1,143 Justin Fields
45%
2022 ATL 1,035 Tyler Allgeier
44%
2021 WSH 1,037 Antonio Gibson
43%
2019 BAL 1,018 Mark Ingram II
43%
2018 WSH 1,042 Adrian Peterson
38%
2019 IND 1,091 Marlon Mack
33%
2019 HOU 1,070 Carlos Hyde
19%
No matching quizzes found
Score Distribution
Percent of People with Each Score
Percentile by Number Answered
Your Score History
You have not taken this quiz